000 00576nam a22001817a 4500
005 20231128130906.0
008 231128b |||||||| |||| 00| 0 eng d
020 _a9780409020274
041 _aEnglish
082 _a344.4 CAR
100 _aCartens, P and Pearmain, D
_lEnglish
245 _aFoundational Principles of South African Law /
_cP Cartens and D Pearmain
250 _aFirst Edition
260 _aDurban :
_bLexisNexis,
_c2007
300 _bxxvii, 1112 pages ;
_c25 cm.
650 _aLegal practice
_bLaw
942 _cBK
_6ALISON_BN_VRIES
999 _c1013
_d1013